[Event "38th ECC Open 2023"]
[Site "Durres ALB"]
[Date "2023.10.01"]
[Round "1.1"]
[Board "1"]
[White "Deac, Bogdan-Daniel"]
[Black "Yaniv, Yuval"]
[Result "1-0"]
[WhiteTitle "GM"]
[BlackTitle "FM"]
[WhiteElo "2701"]
[BlackElo "2382"]
[WhiteTeam "Superchess"]
[BlackTeam "Rishon Lezion B"]
[WhiteFideId "1226380"]
[BlackFideId "2823900"]
[EventDate "2023.10.01"]

1. e4 c5 2. h3 d6 3. Bb5+ Bd7 4. c4 Nc6 5. Ne2 g6 6. O-O Bg7 7. d3 Nf6 8. Be3
O-O 9. Nbc3 a6 10. Ba4 Rb8 11. f4 Ne8 12. f5 Nc7 13. Bxc6 Bxc6 14. Qd2 e6 15.
Bh6 exf5 16. exf5 Bxh6 17. Qxh6 Qf6 18. Rf2 Qg7 19. Qh4 Rfe8 20. d4 cxd4 21.
Nxd4 Re5 22. Raf1 gxf5 23. Nxc6 bxc6 24. Rf3 Re6 25. Qf2 Rbe8 26. Qb6 R8e7 27.
Rxf5 c5 28. Qb8+ Qf8 29. Qb6 Rg6 30. Qc6 Qg7 31. Kh1 Rge6 32. R5f4 h6 33. Ne4
Ne8 34. Qa8 Kh7 35. Qd5 Nc7 36. Qd3 Kh8 37. Nxd6 Qg6 38. Nxf7+ Kh7 39. Ne5 Qxd3
40. Nxd3 Ne8 41. Nxc5 Rc6 42. Nd3 Nd6 43. b3 Ne4 44. Rf7+ Rxf7 45. Rxf7+ Kg8 46.
Re7 1-0

[Event "38th ECC Open 2023"]
[Site "Durres ALB"]
[Date "2023.10.01"]
[Round "1.1"]
[Board "2"]
[White "Guz, Ari"]
[Black "Van Foreest, Jorden"]
[Result "0-1"]
[WhiteTitle "FM"]
[BlackTitle "GM"]
[WhiteElo "2309"]
[BlackElo "2707"]
[WhiteTeam "Rishon Lezion B"]
[BlackTeam "Superchess"]
[WhiteFideId "2825759"]
[BlackFideId "1039784"]
[EventDate "2023.10.01"]

1. d4 Nf6 2. c4 e6 3. Nf3 d5 4. Nc3 c6 5. e3 Nbd7 6. Bd3 dxc4 7. Bxc4 b5 8. Bd3
Bb7 9. O-O a6 10. e4 c5 11. d5 c4 12. dxe6 fxe6 13. Bc2 Qc7 14. Nd4 Nc5 15. Qe2
e5 16. Nf3 O-O-O 17. Be3 Ne6 18. Ng5 Nd4 19. Bxd4 exd4 20. Ne6 d3 21. Qf3 Qe5
22. Nxd8 Bd6 23. Qh3+ Kxd8 24. Bd1 Re8 25. Rc1 Qg5 26. Qe3 Qxe3 27. fxe3 Bc5 28.
Ra1 Bxe3+ 29. Kh1 b4 30. Na4 Nxe4 31. Bf3 Bc6 0-1

[Event "38th ECC Open 2023"]
[Site "Durres ALB"]
[Date "2023.10.01"]
[Round "1.1"]
[Board "3"]
[White "Fedoseev, Vladimir3"]
[Black "Ribshtein, Nati"]
[Result "1-0"]
[WhiteTitle "GM"]
[BlackTitle "IM"]
[WhiteElo "2691"]
[BlackElo "2252"]
[WhiteTeam "Superchess"]
[BlackTeam "Rishon Lezion B"]
[WhiteFideId "24130737"]
[BlackFideId "2803836"]
[EventDate "2023.10.01"]

1. c4 g6 2. e4 Bg7 3. d4 d6 4. Ne2 Nf6 5. Nec3 O-O 6. Be2 Nc6 7. d5 Ne5 8. O-O
c6 9. h3 cxd5 10. cxd5 e6 11. f4 Ned7 12. dxe6 Qb6+ 13. Kh2 fxe6 14. Na3 Nc5 15.
Nc4 Qc6 16. e5 dxe5 17. Nxe5 Qc7 18. Be3 Rd8 19. Nb5 Qa5 20. Qc1 Na6 21. a3 Nd5
22. Bd4 Ndc7 23. b4 Qa4 24. Nxc7 Nxc7 25. Qxc7 Rxd4 26. Rad1 Bxe5 27. fxe5 Rd7
28. Qc5 1-0

[Event "38th ECC Open 2023"]
[Site "Durres ALB"]
[Date "2023.10.01"]
[Round "1.1"]
[Board "4"]
[White "Barak, Gil"]
[Black "Shevchenko, Kirill"]
[Result "0-1"]
[BlackTitle "GM"]
[WhiteElo "2157"]
[BlackElo "2671"]
[WhiteTeam "Rishon Lezion B"]
[BlackTeam "Superchess"]
[WhiteFideId "2812690"]
[BlackFideId "14129574"]
[EventDate "2023.10.01"]

1. d4 Nf6 2. Bf4 g6 3. Nc3 d5 4. e3 c6 5. h3 Qb6 6. Rb1 Bg7 7. Nf3 O-O 8. Be2
Bf5 9. O-O Re8 10. Ne5 Nfd7 11. Nxd7 Nxd7 12. Bg4 Bxg4 13. Qxg4 f5 14. Qg3 e5
15. dxe5 Nxe5 16. Bxe5 Bxe5 17. Qf3 Qc5 18. Rfd1 Re7 19. Rd3 Rf8 20. g3 Qc4 21.
Qd1 g5 22. b3 Qc5 23. Ne2 f4 24. exf4 gxf4 25. gxf4 Rg7+ 26. Rg3 Rxg3+ 27. Nxg3
Rxf4 28. Qe2 Rxf2 29. Qxf2 Bd4 30. Rf1 Bxf2+ 31. Rxf2 Qa3 32. Nf5 Qxa2 33. Ne7+
Kg7 34. Nf5+ Kg6 35. Kg2 Qa1 36. Ne7+ Kg7 37. Nf5+ Kf6 38. Nd6+ Ke5 0-1

[Event "38th ECC Open 2023"]
[Site "Durres ALB"]
[Date "2023.10.01"]
[Round "1.1"]
[Board "5"]
[White "Nisipeanu, Liviu-Dieter"]
[Black "Ribstein, Orel"]
[Result "1-0"]
[WhiteTitle "GM"]
[WhiteElo "2600"]
[BlackElo "1975"]
[WhiteTeam "Superchess"]
[BlackTeam "Rishon Lezion B"]
[WhiteFideId "1202758"]
[BlackFideId "2826534"]
[EventDate "2023.10.01"]

1. e4 c5 2. Nf3 d6 3. c3 Nf6 4. Be2 Bd7 5. e5 dxe5 6. Nxe5 Nc6 7. Nxd7 Qxd7 8.
O-O e6 9. d3 Bd6 10. Na3 Nd5 11. g3 O-O 12. Nc4 Be7 13. a4 Rad8 14. Qb3 Qc7 15.
Bf3 Rd7 16. Re1 Rfd8 17. Bg2 Bf6 18. a5 Ne5 19. Be4 h6 20. Qb5 Qc6 21. Qb3 Qc7
22. Kg2 Nc6 23. a6 b6 24. Na3 Na5 25. Qa4 Qc8 26. Bd2 Be7 27. b4 Nc6 28. bxc5
bxc5 29. Nc4 Nb8 30. Reb1 Bf6 31. Ra3 Be7 32. h4 Bf8 33. Bf3 Be7 34. Ne3 Nxe3+
35. Bxe3 Rxd3 36. Rb7 Bf6 37. Rxa7 Rxe3 38. fxe3 Rd2+ 39. Kh3 g5 40. Ra8 h5 41.
a7 e5+ 42. g4 1-0

[Event "38th ECC Open 2023"]
[Site "Durres ALB"]
[Date "2023.10.01"]
[Round "1.1"]
[Board "6"]
[White "Kundin, Alexander"]
[Black "Lupulescu, Constantin"]
[Result "0-1"]
[WhiteTitle "IM"]
[BlackTitle "GM"]
[WhiteElo "2267"]
[BlackElo "2581"]
[WhiteTeam "Rishon Lezion B"]
[BlackTeam "Superchess"]
[WhiteFideId "2803097"]
[BlackFideId "1207822"]
[EventDate "2023.10.01"]

1. e4 c5 2. Nc3 Nc6 3. Nge2 Nf6 4. d4 cxd4 5. Nxd4 d6 6. Bc4 e6 7. O-O a6 8. f4
d5 9. exd5 exd5 10. Re1+ Be7 11. Bb3 O-O 12. Be3 Re8 13. Bf2 Ng4 14. Nxd5 Bc5
15. Rxe8+ Qxe8 16. Qe1 Bd7 17. c3 Qxe1+ 18. Rxe1 Re8 19. Rd1 Be6 20. h3 Nxf2 21.
Kxf2 Rd8 22. Ne3 Bxb3 23. axb3 Nxd4 24. cxd4 Rxd4 25. Kf3 g6 26. Rxd4 Bxd4 27.
Ke4 Bxb2 28. Nc4 Bc1 29. Nd6 b5 30. Nb7 Kg7 31. g3 f5+ 32. Kd5 h5 33. h4 Be3 34.
Nc5 Bf2 35. Nxa6 Bxg3 36. Nc7 Bxh4 37. Nxb5 Bg3 38. Nd4 h4 39. Ne2 Bf2 40. b4 h3 0-1

[Event "38th ECC Open 2023"]
[Site "Durres ALB"]
[Date "2023.10.01"]
[Round "1.2"]
[Board "1"]
[White "Lopez, Jasel"]
[Black "Sadhwani, Raunak"]
[Result "1/2-1/2"]
[WhiteTitle "IM"]
[BlackTitle "GM"]
[WhiteElo "2383"]
[BlackElo "2641"]
[WhiteTeam "Bloemendaalse SV"]
[BlackTeam "Offerspill Sjakklubb"]
[WhiteFideId "15900045"]
[BlackFideId "35093487"]
[EventDate "2023.10.01"]

1. d4 Nf6 2. c4 e6 3. Nf3 b6 4. a3 Bb7 5. Nc3 d5 6. cxd5 exd5 7. g3 Be7 8. Bg2
O-O 9. O-O Re8 10. Bf4 Nh5 11. Ne5 Nxf4 12. gxf4 c6 13. b4 a6 14. Qb3 Nd7 15.
Rad1 b5 16. Ne4 Bf8 17. Ng3 Nb6 18. e4 a5 19. Nd3 Bc8 20. e5 h5 21. Bf3 h4 22.
Nh5 Be7 23. Kh1 g6 24. Rg1 Kh8 25. e6 Bxe6 26. Ne5 Rf8 27. f5 Bxf5 28. Qe3 Bf6
29. Qh6+ Kg8 30. Nxg6 fxg6 31. Rxg6+ Bxg6 32. Qxg6+ Kh8 33. Qh6+ Kg8 34. Qg6+
Kh8 35. Qh6+ Kg8 36. Qg6+ 1/2-1/2

[Event "38th ECC Open 2023"]
[Site "Durres ALB"]
[Date "2023.10.01"]
[Round "1.2"]
[Board "2"]
[White "Tari, Aryan"]
[Black "Duijn, Richard"]
[Result "1-0"]
[WhiteTitle "GM"]
[BlackTitle "FM"]
[WhiteElo "2619"]
[BlackElo "2214"]
[WhiteTeam "Offerspill Sjakklubb"]
[BlackTeam "Bloemendaalse SV"]
[WhiteFideId "1510045"]
[BlackFideId "1003771"]
[EventDate "2023.10.01"]

1. c4 b6 2. e4 Bb7 3. Nc3 e5 4. a3 a5 5. d3 Bc5 6. Nge2 Nc6 7. f4 d6 8. Na4 Nge7
9. f5 g6 10. Ng3 Bc8 11. Bh6 Nd4 12. Nc3 Rg8 13. h4 Bb7 14. Be2 Nxe2 15. Qxe2
Qd7 16. Bg5 O-O-O 17. O-O-O Rde8 18. Qe1 Bd4 19. Nb5 Nc6 20. Qd2 Bc5 21. h5 Ba6
22. hxg6 hxg6 23. Nc3 Nd4 24. Kb1 Bb7 25. Rdf1 gxf5 26. Nxf5 Nb3 27. Qc2 Nd4 28.
Qd2 Nb3 29. Qd1 a4 30. Rh5 f6 31. Bxf6 Rxg2 32. Ka2 Bc6 33. Rfh1 Qf7 34. Bg5 Bd4
35. Qe1 Kb8 36. Rh7 Qg6 37. Rg7 Qxg5 38. Rxg5 Rxg5 39. Nxd4 exd4 40. Ne2 Reg8
41. Nf4 Rg3 42. Qf2 Bd7 43. Nd5 Rg2 44. Qf1 Kb7 45. Nf6 Nd2 46. Qd1 Bg4 47. Nxg4
R8xg4 48. Qxa4 1-0

[Event "38th ECC Open 2023"]
[Site "Durres ALB"]
[Date "2023.10.01"]
[Round "1.2"]
[Board "3"]
[White "De Graaf, Dick"]
[Black "Pranav, V"]
[Result "0-1"]
[BlackTitle "GM"]
[WhiteElo "2071"]
[BlackElo "2579"]
[WhiteTeam "Bloemendaalse SV"]
[BlackTeam "Offerspill Sjakklubb"]
[WhiteFideId "1005677"]
[BlackFideId "25060783"]
[EventDate "2023.10.01"]

1. e4 c5 2. d4 cxd4 3. c3 dxc3 4. Nxc3 Nc6 5. Nf3 d6 6. Bc4 e6 7. O-O Nge7 8.
Qe2 Ng6 9. Rd1 Be7 10. Be3 O-O 11. Rac1 a6 12. a4 Bd7 13. Nd4 Nxd4 14. Bxd4 Rc8
15. g3 Qa5 16. f4 Rfe8 17. b3 Bc6 18. f5 exf5 19. Qh5 Bd8 20. exf5 Ne5 21. Bxe5
Qxe5 22. Qxf7+ Kh8 23. Nd5 Bb6+ 24. Kg2 Re7 25. Qh5 Bxd5+ 26. Rxd5 Qb2+ 27. Kh3
Qxc1 28. Rxd6 Rxc4 29. bxc4 Qf1+ 30. Kh4 Re4+ 31. g4 Qf2+ 32. Kg5 Be3# 0-1

[Event "38th ECC Open 2023"]
[Site "Durres ALB"]
[Date "2023.10.01"]
[Round "1.2"]
[Board "4"]
[White "Christiansen, Johan-Sebastian"]
[Black "Duijn, Rob"]
[Result "1-0"]
[WhiteTitle "GM"]
[WhiteElo "2606"]
[BlackElo "2187"]
[WhiteTeam "Offerspill Sjakklubb"]
[BlackTeam "Bloemendaalse SV"]
[WhiteFideId "1512668"]
[BlackFideId "1014501"]
[EventDate "2023.10.01"]

1. e4 c6 2. d4 d5 3. e5 Bf5 4. h4 h5 5. Bg5 Qb6 6. Bd3 Bxd3 7. Qxd3 e6 8. Nd2
Ne7 9. c4 Nf5 10. Ne2 Bb4 11. b3 Qa6 12. O-O Bxd2 13. Qxd2 dxc4 14. Ng3 Nxg3 15.
fxg3 Nd7 16. bxc4 Qxc4 17. Rac1 Qa4 18. Rf4 Qb5 19. Qf2 f5 20. exf6 gxf6 21.
Rxf6 O-O-O 22. Rxe6 Rdf8 23. Bf4 Nf6 24. Qe3 Nd5 25. Qe5 Nxf4 26. Qxb5 Nxe6 27.
Qe5 Nc7 28. d5 Rh6 29. Qg7 Rhf6 30. dxc6 bxc6 31. Rxc6 Rxc6 32. Qxf8+ Kb7 33.
Qf3 1-0

[Event "38th ECC Open 2023"]
[Site "Durres ALB"]
[Date "2023.10.01"]
[Round "1.2"]
[Board "6"]
[White "Haldorsen, Benjamin"]
[Black "Hendrikse, Ad"]
[Result "1-0"]
[WhiteTitle "IM"]
[WhiteElo "2454"]
[BlackElo "1884"]
[WhiteTeam "Offerspill Sjakklubb"]
[BlackTeam "Bloemendaalse SV"]
[WhiteFideId "1512633"]
[BlackFideId "1020471"]
[EventDate "2023.10.01"]

1. e4 e5 2. Nf3 Nc6 3. Bb5 a6 4. Ba4 Nf6 5. d3 d6 6. c3 Be7 7. O-O O-O 8. Re1 b5
9. Bc2 Bg4 10. h3 Bh5 11. Nbd2 Qd7 12. Nf1 Rfd8 13. Ng3 Bg6 14. Nh4 d5 15. Qf3
dxe4 16. dxe4 Na5 17. Nhf5 c5 18. h4 Bxf5 19. Nxf5 g6 20. Nxe7+ Qxe7 21. Bg5 Kg7
22. Rad1 h6 23. Bc1 Nb7 24. g3 Rxd1 25. Rxd1 Rd8 26. Rxd8 Qxd8 27. Kg2 c4 28.
Qe3 Ng4 29. Qa7 Qd7 30. f3 Nf6 31. Qxa6 Nc5 32. Bxh6+ Kxh6 33. Qxf6 Qd2+ 34. Kh3
Qxc2 35. Qh8# 1-0

[Event "38th ECC Open 2023"]
[Site "Durres ALB"]
[Date "2023.10.01"]
[Round "1.3"]
[Board "2"]
[White "Navara, David"]
[Black "Suvorov, Alexander"]
[Result "1-0"]
[WhiteTitle "GM"]
[BlackTitle "FM"]
[WhiteElo "2689"]
[BlackElo "2340"]
[WhiteTeam "Novy Bor"]
[BlackTeam "Zuid-Limburg"]
[WhiteFideId "309095"]
[BlackFideId "12977063"]
[EventDate "2023.10.01"]

1. e4 c5 2. Nf3 Nc6 3. Bb5 e5 4. O-O Bd6 5. d3 Nf6 6. Bg5 a6 7. Bc4 Be7 8. a4 d6
9. Nc3 O-O 10. Bxf6 Bxf6 11. Nd5 Rb8 12. h3 b5 13. axb5 axb5 14. Bb3 g6 15. Qd2
Bg7 16. Ra2 h6 17. Rfa1 Kh7 18. Ra8 Bb7 19. Rxb8 Qxb8 20. Nc3 Bc8 21. Bd5 Bd7
22. h4 Qb6 23. h5 Ne7 24. Bb3 Bc6 25. Nh2 Qb7 26. Nf1 b4 27. Nd1 f5 28. hxg6+
Kxg6 29. Nde3 h5 30. Be6 Bh6 31. Qd1 Bxe3 32. Nxe3 f4 33. Nf5 Nxf5 34. Bxf5+ Kg5
35. g4 h4 36. Ra5 Ra8 37. Qa1 Kf6 38. Kh2 Kg5 39. Kh3 Qb8 40. f3 Qb7 41. Be6
Rxa5 42. Qxa5 Qe7 43. Bd5 Be8 44. Qa8 Qd7 45. Bb3 Qe7 46. Qd5 Qf8 47. Qb7 Kg6
48. Be6 Kf6 49. Bd5 Bg6 50. Qc7 Kg5 51. Qd7 Kf6 52. Bc4 Kg5 53. Qe6 Qd8 54. Bb5
Qf8 55. Bd7 Bh7 56. Be8 Qf6 57. Qd7 Bg8 58. Qc7 Kh6 59. Bc6 Bf7 60. Qd7 Bg6 61.
Bd5 Kg5 62. Bg8 Kh6 63. Be6 Kg5 64. Qc8 Kh6 65. Bf5 Bf7 66. Qf8+ Kg5 67. b3 d5
68. Qxc5 dxe4 69. Bxe4 Be6 70. Qxb4 Qd8 71. Qe1 Qh8 72. Bh7 1-0

[Event "38th ECC Open 2023"]
[Site "Durres ALB"]
[Date "2023.10.01"]
[Round "1.3"]
[Board "3"]
[White "Van Dael, Siem"]
[Black "Nguyen, Thai Dai Van"]
[Result "0-1"]
[WhiteTitle "FM"]
[BlackTitle "GM"]
[WhiteElo "2321"]
[BlackElo "2618"]
[WhiteTeam "Zuid-Limburg"]
[BlackTeam "Novy Bor"]
[WhiteFideId "1049771"]
[BlackFideId "358878"]
[EventDate "2023.10.01"]

1. e4 c5 2. Nf3 d6 3. d4 cxd4 4. Nxd4 Nf6 5. Nc3 a6 6. Be3 e5 7. Nb3 Be6 8. f3
Be7 9. Qd2 h5 10. O-O-O Nbd7 11. f4 b5 12. Bd3 Nb6 13. Bxb6 Qxb6 14. Nd5 Bxd5
15. exd5 e4 16. Be2 Rc8 17. h3 h4 18. Rhe1 O-O 19. Bg4 Rc4 20. Na5 Rc5 21. Nc6
Qb7 22. Qb4 Bd8 23. Rxe4 Rxd5 24. Rc4 Rxd1+ 25. Bxd1 Qc7 26. Rc3 Nd5 27. Qe4
Nxc3 28. bxc3 d5 29. Qxd5 Qxf4+ 30. Kb2 Bf6 31. a3 Qe3 32. Qd3 Qc5 33. Bf3 Rc8 0-1

[Event "38th ECC Open 2023"]
[Site "Durres ALB"]
[Date "2023.10.01"]
[Round "1.3"]
[Board "4"]
[White "Bartel, Mateusz"]
[Black "Suvorov, Luca"]
[Result "1-0"]
[WhiteTitle "GM"]
[BlackTitle "FM"]
[WhiteElo "2651"]
[BlackElo "2324"]
[WhiteTeam "Novy Bor"]
[BlackTeam "Zuid-Limburg"]
[WhiteFideId "1112635"]
[BlackFideId "12977071"]
[EventDate "2023.10.01"]

1. e4 e5 2. Nf3 Nc6 3. Bb5 a6 4. Ba4 Nf6 5. O-O b5 6. Bb3 Bc5 7. Nc3 O-O 8. Nd5
h6 9. c3 d6 10. d4 Ba7 11. Nxf6+ Qxf6 12. Bd5 Bb7 13. Be3 Qe7 14. a4 exd4 15.
Nxd4 Bxd4 16. cxd4 Na5 17. Bxb7 Nxb7 18. Qg4 Kh8 19. Rfe1 Rfe8 20. h3 b4 21.
Rac1 Rac8 22. Bd2 a5 23. Rc6 Nd8 24. Ra6 Ne6 25. Rxa5 c5 26. d5 Nd4 27. Ra6 Ra8
28. Rxa8 Rxa8 29. Qh5 Kg8 30. Qd1 Qd7 31. b3 c4 32. bxc4 Qxa4 33. Qxa4 Rxa4 34.
Rb1 b3 35. Be3 Rxc4 36. f3 Nc2 37. Rxb3 Nxe3 38. Rxe3 f5 39. exf5 Rd4 40. g4
Rxd5 41. Kf2 Kf7 42. Kg3 Rd4 43. h4 Rd1 44. Ra3 Rg1+ 45. Kf4 Rh1 46. Ra7+ Kg8
47. h5 Rd1 48. f6 gxf6 49. Kf5 Rd3 50. Kg6 Kf8 51. Rf7+ 1-0

[Event "38th ECC Open 2023"]
[Site "Durres ALB"]
[Date "2023.10.01"]
[Round "1.3"]
[Board "5"]
[White "Perkampus, Laurin"]
[Black "Ragger, Markus"]
[Result "0-1"]
[BlackTitle "GM"]
[WhiteElo "2134"]
[BlackElo "2615"]
[WhiteTeam "Zuid-Limburg"]
[BlackTeam "Novy Bor"]
[WhiteFideId "16232283"]
[BlackFideId "1610856"]
[EventDate "2023.10.01"]

1. d4 Nf6 2. Nf3 g6 3. c4 Bg7 4. Nc3 O-O 5. e4 d6 6. Be2 e5 7. O-O Nbd7 8. Qc2
Qe7 9. d5 c5 10. Bg5 h6 11. Bd2 Nb6 12. Kh1 Ne8 13. g3 Bh3 14. Rg1 Nf6 15. Nh4
Kh7 16. Rae1 Bd7 17. Nd1 Nc8 18. Nc3 Rb8 19. a4 a6 20. a5 b5 21. axb6 Nxb6 22.
Ra1 Bc8 23. Ra3 Ng4 24. Rf1 h5 25. f3 Nh6 26. Qc1 Ng8 27. Ng2 Bh6 28. Bxh6 Nxh6
29. f4 exf4 30. gxf4 f5 31. Bd3 Ng4 32. Qd2 fxe4 33. Re1 Bf5 34. Nxe4 Nxc4 35.
Bxc4 Bxe4 36. Kg1 Rfe8 37. Bd3 c4 38. Bxc4 Qg7 39. b3 Bxg2 40. Rxe8 Rxe8 41.
Kxg2 Qe7 42. Qd3 Qe1 43. Ra2 Ne3+ 44. Kh3 Qg1 45. Qe2 Nf5 46. Ra1 Re3+ 0-1

[Event "38th ECC Open 2023"]
[Site "Durres ALB"]
[Date "2023.10.01"]
[Round "1.3"]
[Board "6"]
[White "Zilka, Stepan"]
[Black "Zimmermann, Luc"]
[Result "1-0"]
[WhiteTitle "GM"]
[BlackTitle "CM"]
[WhiteElo "2599"]
[BlackElo "2067"]
[WhiteTeam "Novy Bor"]
[BlackTeam "Zuid-Limburg"]
[WhiteFideId "315303"]
[BlackFideId "1007033"]
[EventDate "2023.10.01"]

1. e4 e6 2. d4 d5 3. Nc3 Nf6 4. Bg5 Be7 5. e5 Nfd7 6. h4 Nc6 7. Bxe7 Qxe7 8. Qd2
Nb6 9. O-O-O Bd7 10. f4 h5 11. Nf3 O-O-O 12. Kb1 Kb8 13. Rh3 Na5 14. b3 Qb4 15.
Ne4 Qxd2 16. Nexd2 Nc6 17. Rg3 g6 18. Ng5 Be8 19. c3 Ne7 20. Bd3 Rc8 21. Rc1 c5
22. dxc5 Rxc5 23. Ndf3 a6 24. Nd4 Rc7 25. Kc2 Nc6 26. Kd2 Nxd4 27. cxd4 Rxc1 28.
Kxc1 Nc8 29. Kd2 Ne7 30. Rh3 Nc6 31. Ke3 Kc7 32. Rh1 Kd8 33. Rc1 Ke7 34. b4 Bd7
35. a3 Rc8 36. Rc5 b6 37. Rc2 Na7 38. Rxc8 Bxc8 39. Kd2 a5 40. b5 Bd7 41. a4 f5
42. exf6+ Kxf6 43. Nf3 Be8 44. Ne5 Nc8 45. g4 hxg4 46. Nxg4+ Kg7 47. Ke3 Ne7 48.
Ne5 Ng8 49. Bf1 Nh6 50. Bh3 Kf6 51. Nc6 Nf7 52. Bf1 Nd6 53. Bd3 Nf7 54. Kf3 Nh6
55. Bc2 Ng8 56. Bb1 Nh6 57. Bd3 Ng8 58. Nb8 Ne7 59. Na6 Nc8 60. Nc7 Bd7 61. f5
exf5 62. Nxd5+ Kf7 63. Kf4 Be6 64. Ke5 Bxd5 65. Kxd5 f4 66. Ke4 1-0

[Event "38th ECC Open 2023"]
[Site "Durres ALB"]
[Date "2023.10.01"]
[Round "1.4"]
[Board "1"]
[White "Martirosyan, Haik M."]
[Black "Grieve, Harry"]
[Result "1-0"]
[WhiteTitle "GM"]
[BlackTitle "IM"]
[WhiteElo "2696"]
[BlackElo "2458"]
[WhiteTeam "Asnieres - Le Grand Echiquier"]
[BlackTeam "Slough Sharks"]
[WhiteFideId "13306553"]
[BlackFideId "426520"]
[EventDate "2023.10.01"]

1. d4 d5 2. c4 e6 3. Nf3 Nf6 4. Nc3 c5 5. cxd5 cxd4 6. Qxd4 exd5 7. Bg5 Be7 8.
e3 O-O 9. Rd1 Be6 10. Bd3 Nc6 11. Qa4 h6 12. Bh4 Qb6 13. Rd2 Rfd8 14. O-O Kf8
15. Ne2 Nb4 16. Bb1 g5 17. Bg3 Ne4 18. Rdd1 Nc5 19. Qa3 Ne4 20. Ned4 a6 21. Qb3
Nxg3 22. fxg3 Qd6 23. Nxe6+ Qxe6 24. Nd4 Qe5 25. Rf5 Qd6 26. Rdf1 f6 27. R5f2
Qe5 28. Nf5 Bc5 29. Kh1 h5 30. Nd4 Kg7 31. Rf5 1-0

[Event "38th ECC Open 2023"]
[Site "Durres ALB"]
[Date "2023.10.01"]
[Round "1.4"]
[Board "2"]
[White "Roberson, Peter T"]
[Black "Moussard, Jules"]
[Result "0-1"]
[WhiteTitle "IM"]
[BlackTitle "GM"]
[WhiteElo "2417"]
[BlackElo "2642"]
[WhiteTeam "Slough Sharks"]
[BlackTeam "Asnieres - Le Grand Echiquier"]
[WhiteFideId "412384"]
[BlackFideId "642908"]
[EventDate "2023.10.01"]

1. e4 c5 2. Nc3 d6 3. d4 cxd4 4. Qxd4 Nc6 5. Qd2 g6 6. b3 Bh6 7. f4 Nf6 8. Bb2
e5 9. g3 O-O 10. O-O-O exf4 11. gxf4 Nh5 12. Nge2 Qh4 13. Nd5 Be6 14. Kb1 Bxd5
15. exd5 Ne5 16. Qb4 Rfd8 17. Qxb7 Nc4 18. bxc4 Rdb8 19. Qc7 Bg7 20. c3 Qf2 21.
Rc1 Nxf4 22. Rc2 Nd3 23. Qa5 Qe1+ 24. Rc1 Rxb2+ 25. Ka1 Nxc1 26. Kxb2 Nxe2 0-1

[Event "38th ECC Open 2023"]
[Site "Durres ALB"]
[Date "2023.10.01"]
[Round "1.4"]
[Board "3"]
[White "Oparin, Grigoriy"]
[Black "Moreby, James"]
[Result "1-0"]
[WhiteTitle "GM"]
[BlackTitle "FM"]
[WhiteElo "2681"]
[BlackElo "2279"]
[WhiteTeam "Asnieres - Le Grand Echiquier"]
[BlackTeam "Slough Sharks"]
[WhiteFideId "24125890"]
[BlackFideId "427756"]
[EventDate "2023.10.01"]

1. c4 c5 2. Nc3 Nc6 3. g3 g6 4. Bg2 Bg7 5. b3 e6 6. Ba3 d6 7. e3 Nge7 8. Nge2
Qa5 9. Bb2 O-O 10. O-O d5 11. cxd5 exd5 12. Na4 Bxb2 13. Nxb2 b6 14. a3 Rd8 15.
d4 Ba6 16. Re1 Bxe2 17. Qxe2 Qc3 18. dxc5 bxc5 19. Na4 Qxb3 20. Nxc5 Qb6 21.
Rec1 Rab8 22. Qg4 Ne5 23. Qf4 Qd6 24. Rd1 Qxc5 25. Qxe5 Qd6 26. Qd4 Qb6 27. Qa4
Rd6 28. Rd2 Qa6 29. Qd1 Rbd8 30. a4 Nc6 31. Rxd5 Rxd5 32. Bxd5 Rd7 33. Qb3 Na5
34. Qb8+ Kg7 35. e4 Nc4 36. Rc1 Nb6 37. Qe5+ Kg8 38. a5 Rxd5 39. exd5 Qxa5 40.
Rd1 1-0

[Event "38th ECC Open 2023"]
[Site "Durres ALB"]
[Date "2023.10.01"]
[Round "1.4"]
[Board "4"]
[White "Murphy, Hugh W"]
[Black "Movsesian, Sergei"]
[Result "0-1"]
[BlackTitle "GM"]
[WhiteElo "2028"]
[BlackElo "2606"]
[WhiteTeam "Slough Sharks"]
[BlackTeam "Asnieres - Le Grand Echiquier"]
[WhiteFideId "422444"]
[BlackFideId "310204"]
[EventDate "2023.10.01"]

1. d4 Nf6 2. Nf3 d6 3. Nc3 Bf5 4. Nh4 Bd7 5. e4 e5 6. Nf3 exd4 7. Nxd4 g6 8. g3
Bg7 9. Bg2 O-O 10. O-O Nc6 11. Nde2 Re8 12. h3 b5 13. f3 b4 14. Nd5 Nxd5 15.
exd5 Na5 16. a3 Qb8 17. axb4 Qxb4 18. c3 Qb6+ 19. Kh2 Nb3 20. Ra3 Nxc1 21. Nxc1
Qxb2 22. Rb3 Qa1 23. Nd3 Qxd1 24. Rxd1 Ba4 0-1

[Event "38th ECC Open 2023"]
[Site "Durres ALB"]
[Date "2023.10.01"]
[Round "1.4"]
[Board "5"]
[White "Cornette, Matthieu"]
[Black "McCarthy, Kevin C"]
[Result "1-0"]
[WhiteTitle "GM"]
[WhiteElo "2581"]
[BlackElo "1995"]
[WhiteTeam "Asnieres - Le Grand Echiquier"]
[BlackTeam "Slough Sharks"]
[WhiteFideId "620084"]
[BlackFideId "470775"]
[EventDate "2023.10.01"]

1. e4 e6 2. d4 d5 3. e5 c5 4. c3 Nc6 5. Nf3 cxd4 6. cxd4 Qb6 7. Nc3 Bd7 8. Be2
Nge7 9. O-O Nf5 10. Na4 Qc7 11. g4 Nfe7 12. Bf4 Ng6 13. Bg3 Be7 14. a3 h5 15.
gxh5 Rxh5 16. Rc1 Rh6 17. b4 a6 18. Nc5 Nh4 19. Nxh4 Bxh4 20. a4 Qb6 21. b5 axb5
22. Bxb5 Rc8 23. Qg4 Be7 24. Qxg7 Rg6 25. Qh7 Bxc5 26. Rxc5 Rc7 27. Kh1 Ne7 28.
Bd3 Nf5 29. Qh8+ Ke7 30. Bh4+ 1-0

[Event "38th ECC Open 2023"]
[Site "Durres ALB"]
[Date "2023.10.01"]
[Round "1.4"]
[Board "6"]
[White "Purton, Ben J"]
[Black "Degraeve, Jean-Marc"]
[Result "0-1"]
[BlackTitle "GM"]
[WhiteElo "2163"]
[BlackElo "2479"]
[WhiteTeam "Slough Sharks"]
[BlackTeam "Asnieres - Le Grand Echiquier"]
[WhiteFideId "411132"]
[BlackFideId "600270"]
[EventDate "2023.10.01"]

1. e4 c5 2. Nf3 d6 3. Bb5+ Nd7 4. O-O Nf6 5. Re1 a6 6. Bf1 b6 7. d4 cxd4 8. Nxd4
Bb7 9. Nc3 e6 10. f4 Qc7 11. Kh1 h5 12. f5 e5 13. Nf3 b5 14. a3 Be7 15. Bg5 Rd8
16. Bd3 Nb6 17. Qe2 Nc4 18. Bxc4 Qxc4 19. Qxc4 bxc4 20. b4 cxb3 21. cxb3 Ng4 22.
Bxe7 Kxe7 23. Kg1 Rc8 24. Rac1 Nf6 25. Nd2 Rc5 26. Na4 Rxc1 27. Rxc1 Nxe4 28.
Rc7+ Kf6 29. Nxe4+ Bxe4 30. Rd7 Rc8 31. Rxd6+ Kxf5 32. Rd2 Rc1+ 33. Kf2 Bc6 34.
Nb2 Rc3 35. Nc4 Rxb3 36. Rd6 Bb5 0-1